000 00471nam a2200181Ia 4500
001 16210
005 20260306170253.0
008 260306t2003||||xx |||||||||||||| ||und||
041 _aESP
082 _a347.4
_bF42
100 _aFernández Origgi, Italo
_eAUT
245 0 _aRégimen tributario del comercio electrónico:
_b: perspectiva peruana
260 _c2003
300 _a287 páginas :
_c20 cm.
650 _aGEN
654 _aCDE
942 _cLIB
_dJUS
_fJUS
_2ddc
_n
999 _c16210
_d16210